Design of thermal systems / (Record no. 26310)

MARC details
000 -LEADER
fixed length control field 00747cam a22002415a 4500
001 - CONTROL NUMBER
control field 010031131
005 - DATE AND TIME OF LATEST TRANSACTION
control field 20180315120559.0
008 - FIXED-LENGTH DATA ELEMENTS--GENERAL INFORMATION
fixed length control field 890622t1989 nyua fr 001 0 eng d
020 ## - INTERNATIONAL STANDARD BOOK NUMBER
International Standard Book Number 0070616205
040 ## - CATALOGING SOURCE
Original cataloging agency Uk
Transcribing agency Uk
Language of cataloging eng
Modifying agency EG-ScBUE
082 04 - DEWEY DECIMAL CLASSIFICATION NUMBER
Classification number 621.402
Edition number 22
Item number STO
100 1# - MAIN ENTRY--PERSONAL NAME
Personal name Stoecker, W. F.
Fuller form of name (Wilbert Frederick)
245 10 - TITLE STATEMENT
Title Design of thermal systems /
Statement of responsibility, etc W. F. Stoecker.
250 ## - EDITION STATEMENT
Edition statement 3rd ed.
260 ## - PUBLICATION, DISTRIBUTION, ETC. (IMPRINT)
Place of publication, distribution, etc New York :
Name of publisher, distributor, etc McGraw-Hill Book Company,
Date of publication, distribution, etc c.1989.
300 ## - PHYSICAL DESCRIPTION
Extent xvi, 565 p. :
Other physical details ill. ;
Dimensions 24 cm.
500 ## - GENERAL NOTE
General note Index : p. 561-565.
650 #7 - SUBJECT ADDED ENTRY--TOPICAL TERM
Topical term or geographic name as entry element Heat engineering.
Source of heading or term BUEsh
9 (RLIN) 12963
650 #7 - SUBJECT ADDED ENTRY--TOPICAL TERM
Topical term or geographic name as entry element Systems engineering.
Source of heading or term BUEsh
9 (RLIN) 3798
650 #7 - SUBJECT ADDED ENTRY--TOPICAL TERM
Topical term or geographic name as entry element Engineering design.
Source of heading or term BUEsh
9 (RLIN) 3587
653 ## - INDEX TERM--UNCONTROLLED
Resource For college Generalities
-- Engineering, General
Arrived date list March2018
942 ## - ADDED ENTRY ELEMENTS (KOHA)
Source of classification or shelving scheme Dewey Decimal Classification
Holdings
Withdrawn status Item status Source of classification or shelving scheme Damaged status Not for loan Home library Current library Shelving location Date acquired Total Checkouts Full call number Barcode Date last seen Koha item type
    Dewey Decimal Classification     Central Library Central Library First floor 15/03/2018   621.402 STO 000047414 15/07/2025 Book - Borrowing